000 01012nam a2200277Ia 4500
003 OSt
005 20221005105115.0
006 a|||||r|||| 00| 0
007 ta
008 221004b |||||||| |||| 00| 0 san d
020 _cINR 50.00
024 _a37317
037 _b1516, 21/02/2018, Bookwell
_cTextual
040 _aCRL
_cCRL
_bsan
041 _2san
_asan
082 _aO15,2:g, 152K1;N0
100 _aनगेन्द्र, संपा.
245 0 _aहिन्दी नाट्यदर्पण
246 _aHindī nāṭyadarpaṇa
260 _aदिल्ली
_bहिंदी माध्यम कार्यान्वय निदेशालय भारत
_c1990
300 _a410पृ0
_ccm.
650 _a संस्कृत नाटक
650 _aसंस्कृत साहित्य
942 _hO15,2:g, 152K1;N0
_cTEXL
_2cc
999 _c1014764
_d1014764